000 00573nam a2200217Ia 4500
003 OSt
005 20221005123358.0
006 a|||||r|||| 00| 0
007 ta
008 221004b |||||||| |||| 00| 0 eng d
024 _a50652
037 _cTextual
040 _aCRL
_cCRL
_beng
041 _2eng
_aeng
082 _aTh2aN7, K9
245 0 _aLearned institutions in India
_b Activities and publications.ed & comp by Mohinder Singh.
260 _c1969
650 _aHIGHER EDUCATION
942 _hTh2aN7, K9
_cTEXL
_2cc
999 _c1047262
_d1047262